000 00626nam a2200181 i 4500
001 89789
003 ES-MaACL
007 t|
008 050113s1942 ag ||||1| spa d
100 1 _aLaurens, Georges.
_970618
245 1 0 _aOto-rino-laringología /
_cGeorges Laurens, M. Aubry y A. Lemariey ; versión castellana de la segunda edición francesa por Alberto J. Godel.
260 _aBuenos Aires :
_bAniceto López,
_c1942.
300 _a1252 p. :
_bil. ;
_c24 cm.
700 1 _aAubry, Maurice.
_923827
700 1 _aLemariey, André.
_971464
700 1 _aGodel, Alberto J.
_957514
852 _aES-MaACL
_jE-1820
_bR.22699
999 _c89789
_d89789